EU enlargement – Moving forward with pragmatism (Record no. 9163)
[ view plain ]
| 000 -LEADER | |
|---|---|
| fixed length control field | 02236nam a22003257u 4500 |
| 001 - CONTROL NUMBER | |
| control field | pwiiw7543 |
| 003 - CONTROL NUMBER IDENTIFIER | |
| control field | OSt |
| 005 - DATE AND TIME OF LATEST TRANSACTION | |
| control field | 20260517120214.0 |
| 008 - FIXED-LENGTH DATA ELEMENTS--GENERAL INFORMATION | |
| fixed length control field | 260323t2026 au ||||| |||| 00| ||eng d |
| 040 ## - CATALOGING SOURCE | |
| Transcribing agency | OSt |
| 041 ## - LANGUAGE CODE | |
| Language code of text/sound track or separate title | eng |
| 084 ## - OTHER CLASSIFICATION NUMBER | |
| Classification number | F15 |
| -- | F55 |
| -- | O52 |
| -- | P48 |
| -- | K33 |
| Number source | jelc |
| 100 1# - MAIN ENTRY--PERSONAL NAME | |
| Personal name | Swoboda, Hannes |
| 245 10 - TITLE STATEMENT | |
| Title | EU enlargement – Moving forward with pragmatism |
| 260 ## - PUBLICATION, DISTRIBUTION, ETC. | |
| Place of publication, distribution, etc. | Wien : |
| Name of publisher, distributor, etc. | Wiener Institut für Internationale Wirtschaftsvergleiche (wiiw), |
| Date of publication, distribution, etc. | 2026. |
| 300 ## - PHYSICAL DESCRIPTION | |
| Extent | 13 S., |
| Other physical details | |
| Dimensions | 30cm. |
| 490 1# - SERIES STATEMENT | |
| Series statement | wiiw Policy Notes and Reports |
| Volume/sequential designation | 106 |
| 520 ## - SUMMARY, ETC. | |
| Summary, etc. | A credible EU enlargement policy remains necessary from a geopolitical perspective, but can only succeed through a more pragmatic and gradual integration approach. New members amplify the existing challenges to EU decision making, rule-of-law conditionality and political cohesion, particularly given the circumstances of Russian aggression, hybrid threats and rising nationalist and far-right forces within the Union. Against this backdrop, the highly heterogeneous situations of the Western Balkan states, Ukraine, Moldova and other candidate countries, the unresolved bilateral conflicts, domestic polarisation and relative poverty all shape public scepticism in current member states. This paper rejects ‘buffer-zone’ concepts as a form of capitulation, and instead advocates stepwise integration into the single market, Schengen and selected policies, tied to verifiable reforms, reversible conditionality, and strengthened financial and political support. Such a model would allow differentiated, reversible accession pathways, while giving the EU time to reform its own institutions and decision-making rules, ensuring that enlargement reinforces, rather than undermines, the Union’s capacity to act and its foundational values.<br/> |
| 650 ## - SUBJECT ADDED ENTRY--TOPICAL TERM | |
| Topical term or geographic name entry element | EU enlargement |
| 650 ## - SUBJECT ADDED ENTRY--TOPICAL TERM | |
| Topical term or geographic name entry element | Western Balkans |
| 650 ## - SUBJECT ADDED ENTRY--TOPICAL TERM | |
| Topical term or geographic name entry element | Gradual integration |
| 650 ## - SUBJECT ADDED ENTRY--TOPICAL TERM | |
| Topical term or geographic name entry element | Rule of law and conditionality |
| 650 ## - SUBJECT ADDED ENTRY--TOPICAL TERM | |
| Topical term or geographic name entry element | Russian aggression and hybrid threats |
| 651 ## - SUBJECT ADDED ENTRY--GEOGRAPHIC NAME | |
| Geographic name | European Union |
| 651 ## - SUBJECT ADDED ENTRY--GEOGRAPHIC NAME | |
| Geographic name | Wider Europe |
| 690 ## - LOCAL SUBJECT ADDED ENTRY--TOPICAL TERM (OCLC, RLIN) | |
| Topical term or geographic name as entry element | Macroeconomic Analysis and Policy |
| 830 #0 - SERIES ADDED ENTRY--UNIFORM TITLE | |
| Volume/sequential designation | 106 |
| Bibliographic record control number | WIIW0000092 |
| Title of a work | wiiw Policy Notes and Reports |
| 856 40 - ELECTRONIC LOCATION AND ACCESS | |
| Uniform Resource Identifier | <a href="https://wiiw.ac.at/p-7543.html">https://wiiw.ac.at/p-7543.html</a> |
| 942 ## - ADDED ENTRY ELEMENTS (KOHA) | |
| Koha item type | Paper |
| Withdrawn status | Lost status | Damaged status | Not for loan | Home library | Current library | Shelving location | Date acquired | Inventory number | Total Checkouts | Full call number | Barcode | Date last seen | Price effective from | Koha item type |
|---|---|---|---|---|---|---|---|---|---|---|---|---|---|---|
| WIIW | WIIW | Library | 03/24/2026 | pwiiw7543 | 106 | 1000010007543 | 03/24/2026 | 03/24/2026 | Paper |
